| 000 | 00798nam a2200253Ia 4500 | ||
|---|---|---|---|
| 003 | OSt | ||
| 005 | 20220927105639.0 | ||
| 006 | a|||||r|||| 00| 0 | ||
| 007 | ta | ||
| 008 | 220926b |||||||| |||| 00| 0 eng d | ||
| 024 | _a179234 | ||
| 037 | _cReference Collections | ||
| 040 |
_aRTL _cRTL _beng |
||
| 041 |
_2eng _aeng |
||
| 082 | _a"X9(J):75.252, M5/SC" | ||
| 100 |
_aRAY Susanta K _9373888 |
||
| 245 | 0 | _aIntensification of agriculture ; A study in the plains of Uttar Pradesh | |
| 260 |
_aDelhi _bHindustan pubkishing corp. _c1985 |
||
| 300 |
_a"xii,138p." _ccm. |
||
| 490 | _aStudies in economic development and planning;38 | ||
| 500 | _aAppendix :107-133p. | ||
| 942 |
_h"X9(J):75.252, M5/SC" _cCC |
||
| 999 |
_c693592 _d693592 |
||